Investment : an introduction to analysis and management

Bibliographic Details
Main Author: Amling, Frederick
Format: Book
Language:English
Published: Englewood Cliffs : Prentice Hall , 1989
Edition:6th ed.
Subjects:

MARC

LEADER 00000cam a2200000 7i4500
001 0000023586
005 20111019.0
008 111013s njua eng
020 |a 013503681x 
040 |a INS 
090 0 0 |a HG4521   |b A54 1989 
100 1 |a Amling, Frederick 
245 1 0 |a Investment :   |b an introduction to analysis and management   |c Frederick Amling 
250 |a 6th ed. 
260 |a Englewood Cliffs :   |b Prentice Hall ,   |c 1989 
300 |a xx, 780p. ;   |c 25 cm. 
500 |a Includes index 
650 0 0 |a Investment analysis 
650 0 0 |a Investments 
999 |a 1000000218   |b BOOK   |c Open Shelf   |e Default branch